000 02073nam0a2200337 i 4500
001 RU\NLR\bibl\1995114
005 20260406020851.0
010 _a9785932729892
_9100
021 _aRU
_b2013-892
_961
035 _a(NLR Aleph) 001983548
090 _a4124506
_c4124506
100 _a20130204d2012 u y0rusy50 ca
101 0 _arus
102 _aRU
105 _aa |||||||||
200 1 _aВыбор и расчет средств защиты от шума и вибрации
_eучебное пособие для студентов, обучающихся по направлению 280700 "Техносферная безопасность"
_fИ.Г. Трунова, А.Б. Елькин, В.М. Смирнова
_gМ-во образования и науки Рос. Федерации, Федер. гос. бюджет. образоват. учреждение высш. проф. образования "Нижегор. гос. техн. ун-т им. Р.Е. Алексеева"
210 _aНижний Новгород
_cНижегородский государственный технический университет
_d2012
215 _a114,[1] с.
_cил.
_d20
320 _aБиблиогр.: с. 80 (19 назв.)
606 _aШумы
_jУчебные издания для высших учебных заведений
_xБорьба с ними
_91176257
_3RU\NLR\auth\66155058
606 1 _aВибрация
_jУчебные издания для высших учебных заведений
_xБорьба с ней
_9897649
_3RU\NLR\auth\665593
686 _aЖ.н64я73-1
700 1 _aТрунова
_bИ. Г.
_gИрина Геннадьевна
_4070
701 1 _aЕлькин
_bА. Б.
_gАнатолий Борисович
_4070
701 1 _4070
_8rus
_7ca
_aСмирнова
_bВ. М.
_cканд. техн. наук
_gВалентина Михайловна
_3RU\NLR\auth\77122363
_9105288
801 0 _aRU
_bNLR
_c20130204
_gRCR
801 1 _aRU
_bNLR
_c20130204
830 _aавт. по кн.
942 _cBOOK
980 _aNBR